Fearless (Taylor’s Version): All Songs - Statistics

General Stats
  • This quiz has been taken 7 times
  • The average score is 19 of 25
Answer Stats
Original Tracks Track No. Taylor’s Version % Correct
From The Vault 21 Mr Perfectly Fine
100%
Original Track 7 Breathe
83%
Taylor’s Version 13 Change
83%
Taylor’s Version 16 Come In With The Rain
83%
From The Vault 24 Don’t You
83%
Original Track 1 Fearless
83%
Original Track 2 Fifteen
83%
Original Track 11 Forever & Always
83%
Original Track 4 Hey Stephen
83%
Original Track 3 Love Story
83%
Taylor’s Version 17 Superstar
83%
Taylor’s Version 12 The Best Day
83%
Taylor’s Version 19 Today Was A Fairytale
83%
Original Track 5 White Horse
83%
Original Track 6 You Belong With Me
83%
From The Vault 25 Bye Bye Baby
67%
Original Track 8 Tell Me Why
67%
From The Vault 23 That’s When
67%
Taylor’s Version 18 The Other Side Of The Door
67%
Original Track 10 The Way I Loved You
67%
Original Track 9 You’re Not Sorry
67%
Taylor’s Version 14 Jump Then Fall
50%
Taylor’s Version 15 Untouchable
50%
From The Vault 22 We Were Happy
50%
From The Vault 20 You All Over Me
50%
No matching quizzes found
Score Distribution
Percent of People with Each Score
Percentile by Number Answered
Your Score History
You have not taken this quiz